LEADER 00510nab a2200133 i 4500 001 000000320827 003 CaOOAMICUS 005 20180831173334.0 008 180831n it uu u0 0ita r 013 $a31045 040 $aSeMil$bita 245 13$aIl monastero della Visitazione nel cuore di Milano. - In [rubrica] :$bVita monastica. 773 0 $tArcivescovo ai seminaristi.$gp.14-15$w()277244 996 $6245$aIl monastero della Visitazione nel cuore di Milano. - In [rubrica] :$bVita monastica.$9(OLS)http://semarc/title/394385 LEADER 00532nab a2200145 i 4500 001 000000316246 003 CaOOAMICUS 005 20180831173205.0 008 180831n xx uu u0 0und r 013 $a25329 040 $aSeMil$bita 100 1 $aMolinari, Franco,$d<1928-1991>.$0(OLS)http://semarc/name/14470 245 10$a[RECENSIONE DI: ..., Epistolario Pestolozza-Casati..., 1982]. 773 0 $t[Gennaio-Dicembre].$g327-328$w()273987 996 $6245$a[RECENSIONE DI: ..., Epistolario Pestolozza-Casati..., 1982]$9(OLS)http://semarc/title/390272